| 000 | 05309cas a22014051 4500 | ||
|---|---|---|---|
| 001 | 11215752 | ||
| 003 | OSt | ||
| 005 | 20230607101319.0 | ||
| 008 | 741125c19719999enkar 0 a0eng | ||
| 010 | _a 78112271 | ||
| 016 | 7 |
_a0354200 _2DNLM |
|
| 016 | 7 |
_aA16710000 _2DNLM |
|
| 016 | 7 |
_a009189409 _2Uk |
|
| 020 | _a101857433696 | ||
| 022 | 0 |
_a0065-3896 _l0065-3896 _y0400-6933 _22 |
|
| 035 | _a(OCoLC)ocm01087495 | ||
| 040 |
_aDLC _beng _cUDI _dSUL _dDLC _dYUS _dOCL _dMUL _dDLC _dNSD _dDLC _dNST _dOCL _dSER _dOCL _dNST _dOCL _dNST _dOCL _dHUL _dNST _dHUL _dNST _dHUL _dCDU _dGUA _dHUL _dWAU _dNLM _dOCL _dNLGGC _dLVB _dCDS _dUV1 _dSJL _dOCLCQ _dSBM _dUPP _dUKMGB _dOCLCF _dBEDGE _dFHL _dYDXCP _dBDX _dI8M _dOCLCO _dOCLCQ _dOCLCA _dGILDS _dOCLCO _dOCL _dIL4J6 _dIUL _dPWQ |
||
| 042 |
_apcc _ansdp |
||
| 043 | _afb----- | ||
| 050 | 0 | 0 |
_aDT351 _b.A37 |
| 050 | 1 | 4 | _aR967 |
| 082 | 0 | 4 |
_a916.7 _bFRA |
| 210 | 0 | _aAfr. south Sahara | |
| 222 | 0 | _aAfrica south of the Sahara | |
| 245 | 0 | 0 | _aAfrica South of the Sahara. |
| 260 |
_aLondon, _bEuropa Publications Ltd. |
||
| 300 |
_avolumes _bmaps _c26 cm. |
||
| 310 | _aAnnual | ||
| 336 |
_atext _btxt _2rdacontent |
||
| 337 |
_aunmediated _bn _2rdamedia |
||
| 338 |
_avolume _bnc _2rdacarrier |
||
| 362 | 0 | _a1971- | |
| 490 | 1 |
_32000- : _aRegional surveys of the world |
|
| 500 | _aPublished by: Routledge, <2007-> | ||
| 515 | _aVols. for <1973-> called also <3rd. ed.->; <1976/1977-1984/1985>called also <6th-14th ed.>; 1986- called also 15th ed.- | ||
| 520 | _aVols. for 1971- include a section entitled "Who's who in Africa South of the Sahara." | ||
| 590 | _aSERBIB/SERLOC merged record | ||
| 650 | 7 |
_aConditions économiques. _2eclas |
|
| 650 | 7 |
_aOrganisation administrative. _2eclas |
|
| 650 | 7 |
_aAnnuaires. _2eclas |
|
| 650 | 7 |
_aPublications périodiques. _2eclas |
|
| 650 | 7 |
_aDonnées statistiques. _2eclas |
|
| 650 | 7 |
_aRépertoires. _2eclas |
|
| 650 | 7 |
_aeconomic conditions. _2eurovocen |
|
| 650 | 7 |
_asocial situation. _2eurovocen |
|
| 650 | 7 |
_ademography. _2eurovocen |
|
| 650 | 7 |
_ageography. _2eurovocen |
|
| 650 | 7 |
_ahistory. _2eurovocen |
|
| 650 | 7 |
_aimperialism. _2eurovocen |
|
| 650 | 7 |
_afinancial market. _2eurovocen |
|
| 650 | 7 |
_ainternational organisation. _2eurovocen |
|
| 650 | 7 |
_astatistics. _2eurovocen |
|
| 650 | 7 |
_aagricultural situation. _2eurovocen |
|
| 650 | 7 |
_atrading operation. _2eurovocen |
|
| 650 | 7 |
_aindustrial structures. _2eurovocen |
|
| 650 | 7 |
_aorganisation of transport. _2eurovocen |
|
| 650 | 7 |
_aSouthern Africa. _2eurovocen |
|
| 650 | 7 |
_aAngola. _2eurovocen |
|
| 650 | 7 |
_aBotswana. _2eurovocen |
|
| 650 | 7 |
_aEthiopia. _2eurovocen |
|
| 650 | 7 |
_aChad. _2eurovocen |
|
| 650 | 7 |
_aKenya. _2eurovocen |
|
| 650 | 7 |
_aLesotho. _2eurovocen |
|
| 650 | 7 |
_aLiberia. _2eurovocen |
|
| 650 | 7 |
_aMalawi. _2eurovocen |
|
| 650 | 7 |
_aNigeria. _2eurovocen |
|
| 650 | 7 |
_aSouth Africa. _2eurovocen |
|
| 650 | 7 |
_aDemocratic Republic of the Congo. _2eurovocen |
|
| 650 | 7 |
_aZimbabwe. _2eurovocen |
|
| 650 | 7 |
_acondition économique. _2eurovocfr |
|
| 650 | 7 |
_asituation sociale. _2eurovocfr |
|
| 650 | 7 |
_adémographie. _2eurovocfr |
|
| 650 | 7 |
_agéographie. _2eurovocfr |
|
| 650 | 7 |
_ahistoire. _2eurovocfr |
|
| 650 | 7 |
_aimpérialisme. _2eurovocfr |
|
| 650 | 7 |
_amarché financier. _2eurovocfr |
|
| 650 | 7 |
_aorganisation internationale. _2eurovocfr |
|
| 650 | 7 |
_astatistique. _2eurovocfr |
|
| 650 | 7 |
_asituation de l'agriculture. _2eurovocfr |
|
| 650 | 7 |
_aéchange commercial. _2eurovocfr |
|
| 650 | 7 |
_astructure industrielle. _2eurovocfr |
|
| 650 | 7 |
_aorganisation des transports. _2eurovocfr |
|
| 650 | 7 |
_aAfrique méridionale. _2eurovocfr |
|
| 650 | 7 |
_aAngola. _2eurovocfr |
|
| 650 | 7 |
_aBotswana. _2eurovocfr |
|
| 650 | 7 |
_aÉthiopie. _2eurovocfr |
|
| 650 | 7 |
_aTchad. _2eurovocfr |
|
| 650 | 7 |
_aKenya. _2eurovocfr |
|
| 650 | 7 |
_aLesotho. _2eurovocfr |
|
| 650 | 7 |
_aLiberia. _2eurovocfr |
|
| 650 | 7 |
_aMalawi. _2eurovocfr |
|
| 650 | 7 |
_aNigeria. _2eurovocfr |
|
| 650 | 7 |
_aAfrique du Sud. _2eurovocfr |
|
| 650 | 7 |
_aRépublique démocratique du Congo. _2eurovocfr |
|
| 650 | 7 |
_aZimbabwe. _2eurovocfr |
|
| 651 | 0 |
_aAfrica, Sub-Saharan _vPeriodicals. |
|
| 651 | 2 | _aAfrica, Central. | |
| 651 | 4 |
_aÁfrica _zSahara- _vRevistas. |
|
| 651 | 6 |
_aAfrique noire _vPériodiques. |
|
| 651 | 7 |
_aAfrique subsaharienne. _2eclas |
|
| 651 | 7 |
_aSub-Saharan Africa. _2fast _0(OCoLC)fst01239520 |
|
| 651 | 7 |
_aAfrica, Sub-Saharan Africa _xEncyclopedias and dictionaries. _2fssh |
|
| 651 | 7 |
_aAfrica, Sub-Saharan Africa _xBiography. _2fssh |
|
| 651 | 7 |
_aAfrica _xEncyclopedias and dictionaries. _2fssh |
|
| 651 | 7 |
_a6. _2gtt |
|
| 651 | 7 |
_aAfrica _vPeriodicals. _2nli |
|
| 651 | 7 |
_aAfrica, Sub-Saharan _vPeriodicals. _2nli |
|
| 655 | 7 |
_aPeriodicals. _2fast _0(OCoLC)fst01411641 |
|
| 655 | 7 |
_aPeriodicals. _2lcgft |
|
| 710 | 2 | _aEuropa Publications Limited. | |
| 730 | 0 | 2 | _aWho's who in Africa South of the Sahara. |
| 776 | 0 | 8 |
_iOnline version: _tAfrica South of the Sahara _w(OCoLC)795534536 |
| 830 | 0 | _aRegional surveys of the world. | |
| 906 |
_a7 _bcbc _cserials _d3 _encip _f19 _gn-oclcserc |
||
| 942 |
_2ddc _cBK |
||
| 999 |
_c796 _d796 |
||